000 00324 a2200145 4500
001 178584
020 _a
040 _cMagnum
100 _aAroeira, Danilo
240 1 0 _aMagnito e sua turma: nº3
_lpor
245 1 0 _aMagnito e sua turma: nº3
362 0 _a1899
697 _aMAGNITO: I/AVENTURA, CRIANCAS
942 _cBK
999 _c178584
_d178584